Reinwood Ltd v L Brown and Sons Ltd (Record no. 78740)
[ view plain ]
| 000 -LEADER | |
|---|---|
| fixed length control field | 01988cab a22002175a 4500 |
| 001 - CONTROL NUMBER | |
| control field | L137927 |
| 008 - FIXED-LENGTH DATA ELEMENTS--GENERAL INFORMATION | |
| fixed length control field | 070508e2007 xxk f w 000 0 eng d |
| 035 ## - SYSTEM CONTROL NUMBER | |
| System control number | (Sirsi) u137927 |
| 041 0# - LANGUAGE CODE | |
| Language code of text/sound track or separate title | eng |
| 245 00 - TITLE STATEMENT | |
| Title | Reinwood Ltd v L Brown and Sons Ltd |
| 260 ## - PUBLICATION, DISTRIBUTION, ETC. | |
| Date of publication, distribution, etc. | 2007 |
| 490 #0 - SERIES STATEMENT | |
| Series statement | Building Law Reports |
| Volume/sequential designation | February 2007, 10-29(20) |
| 520 ## - SUMMARY, ETC. | |
| Summary, etc. | QBD (TCC), 9 November 2006. Considered the application and meaning of the phrase unreasonably or vexatiously in the context of the issue of an initial notice of default and a notice of determination under a standard JCT contract. Claimant development company (R) was the employer under a contract with defendant contractor (B) to construct residential apartments. When the project overran and the contractual completion date passed a dispute arose regarding the payment of the balance of damages (an extension of time granted to B had reduced the amount of damages owed to R). B served a formal notice of default after R failed to effect payment by the final due date under the interim certificate. B then issued a notice of determination of the contract and left the development site when R failed to make a stage payment following a second interim certificate. R brought proceedings for declaratory relief on the basis that the notices were invalid and that B was not entitled to determine the contract. B sought by counterclaim that it had properly determined the contract. "Held": claim by R dismissed, judgment for B. B had not acted unreasonably in leaving the site and was entitled to determine the contract. "John Jarvis Ltd v Rockdale Housing Association Ltd" ([1986] 36 BLR 48) applied. |
| 590 ## - LOCAL NOTE (RLIN) | |
| Local note | KA |
| 650 24 - SUBJECT ADDED ENTRY--TOPICAL TERM | |
| Topical term or geographic name entry element | REINWOOD LTD V L BROWN AND SONS LTD |
| 650 24 - SUBJECT ADDED ENTRY--TOPICAL TERM | |
| Topical term or geographic name entry element | JOHN JARVIS LTD V ROCKDALE HOUSING ASSOCIATION LTD |
| 650 24 - SUBJECT ADDED ENTRY--TOPICAL TERM | |
| Topical term or geographic name entry element | JCT STANDARD FORM OF BUILDING CONTRACT (1998 EDITION) |
| 651 #4 - SUBJECT ADDED ENTRY--GEOGRAPHIC NAME | |
| Geographic name | England and Wales |
| Chronological subdivision | 1543- |
| 690 ## - LOCAL SUBJECT ADDED ENTRY--TOPICAL TERM (OCLC, RLIN) | |
| Topical term or geographic name as entry element | BUILT ENVIRONMENT-CONSTRUCTION MANAGEMENT-BUILDING CONTRACT ADMINISTRATION |
| 942 ## - ADDED ENTRY ELEMENTS (KOHA) | |
| Suppress in OPAC | 0 |
| Withdrawn status | Lost status | Source of classification or shelving scheme | Damaged status | Not for loan | Home library | Current library | Shelving location | Date acquired | Total Checkouts | Full call number | Barcode | Date last seen | Copy number | Price effective from | Koha item type |
|---|---|---|---|---|---|---|---|---|---|---|---|---|---|---|---|
| Dewey Decimal Classification | London | London | Journal article | 08/05/2007 | L137927 | 137927-1001 | 06/08/2019 | 1 | 06/08/2019 | Law report |